| 000 | 02349nam0a2200337 4500 | ||
|---|---|---|---|
| 001 | RU\NLR\bibl\8750 | ||
| 005 | 20260407015339.0 | ||
| 035 | _a(NLR Aleph) 000008550 | ||
| 090 |
_a27329 _c27329 |
||
| 100 | _a19981127d1998 |||y0rusy50 ca | ||
| 101 | 0 |
_arus _aeng |
|
| 102 | _aRU | ||
| 105 | _a||||||||||||| | ||
| 200 | 1 |
_aIV Международный форум "Минерально-сырьевые ресурсы стран СНГ", Санкт-Петербург. Симпозиум "Горное оборудование, переработка минерального сырья, новыые технологии, экология" _dIV International Forum "Mineral Resources of CIS States", St.Petersburg, 1996. Symposium "Mining equipment, processing of mineral raw materials, new technInternational Forum "Mineral Resources of CIS States" St.Petersburg. ologies, ecology" - ETER-96, 29 окт.-2 нояб. 1996 года _eТез. докл. _zeng |
|
| 210 |
_a[СПб.] _cБ.и. _d[1998] |
||
| 215 |
_a152 с. _d29 |
||
| 225 | 1 |
_aМинерально-сырьевые ресурсы стран СНГ _dMineral Resources of CIS States |
|
| 300 | _aЧасть текста на англ. яз. | ||
| 510 | 1 |
_6z01791 _aIV International Forum "Mineral Resources of CIS States" St.Petersburg. Symposium "Mining equipment, processing of mineral raw materials, new technologies, ecology" - ETER-96 _zeng |
|
| 606 | 0 |
_aГорное дело _jСъезды, совещания и т.п. _91143947 _3RU\NLR\auth\66137278 |
|
| 686 | _aИ.я431 | ||
| 710 | 1 | 2 |
_4070 _a"Минерально-сырьевые ресурсы стран СНГ", международный форум _d4 _f1996 _eСанкт-Петербург _3RU\NLR\AUTH\8810003853 _9504987 |
| 711 | 1 | 2 |
_4070 _a"Горное оборудование, переработка минерального сырья, новые технологии, экология", симпозиум _f1996 _eСанкт-Петербург _3RU\NLR\AUTH\8810001604 _9500397 |
| 791 | 1 | 2 |
_4070 _8eng _a"Mineral resources of CIS states", international forum _d4 _f1996 _eSaint Petersburg _7ba _3RU\NLR\auth\8810001607 _9500402 |
| 801 | 0 |
_aRU _bNLR _c19981127 _gPSBO |
|
| 801 | 1 |
_aRU _bNLR _c19981127 |
|
| 852 |
_aNLR _j98-8/1076 |
||
| 942 | _cBOOK | ||
| 980 | _aNB | ||